000 00719cab a2200241 4500
001 WB2722-07
008 090401t1991 xxu||||| |||| 00| 0 eng d
035 _a(Sirsi) u1714
041 _aeng
245 _aConcrete assistance
260 _c1991
350 _a0
490 _aIndependent
_v1 June 1991, 41(1)
520 _aHundreds of owners stuck in homes which they cannot sell could be rescued by a new repair scheme devised by lenders and building societies.
650 _aABBEY NATIONAL
650 _aNATIONWIDE ANGLIA
650 _aPRC HOMES
650 _aPREFABRICATED BUILDING
650 _aREINFORCED CONCRETE
690 _aBUILT ENVIRONMENT-BUILDING PATHOLOGY
942 _n0
948 _c04/03/1997
999 _c982
_d982